00464nam a22001697a 450000500170000001000140001702000110003103500130004203700130005508200120006810000220008024500850010226000370018727000460022430000210027070000030029120100726130117.0 aENG-97100 c600.00 aEN-80633 bDBAD/PUB a954.052 aGill, Avtar Singh aThe bleeding limbs of the sikhs :cby Avtar Singh Gillbstark reality revealed / aPunjabbJaswant Publisher c2009 a41/-100-j,Bhai Ranbir singh NagarbPunjab a414p.c23cm (Hb)